Journalism and mass communication (Record no. 212024)
[ view plain ]
| 000 -LEADER | |
|---|---|
| fixed length control field | 00479nam a2200181Ia 4500 |
| 008 - FIXED-LENGTH DATA ELEMENTS--GENERAL INFORMATION | |
| fixed length control field | 210719s2016 xx 000 0 und d |
| 020 ## - INTERNATIONAL STANDARD BOOK NUMBER | |
| International Standard Book Number | 978-81-313-1113-4 |
| 041 ## - LANGUAGE CODE | |
| Language code of text/sound track or separate title | eng |
| 082 ## - DEWEY DECIMAL CLASSIFICATION NUMBER | |
| Classification number | 070 SINJ |
| 100 ## - MAIN ENTRY--PERSONAL NAME | |
| Personal name | SINGH (J K) |
| 245 ## - TITLE STATEMENT | |
| Title | Journalism and mass communication |
| 260 ## - PUBLICATION, DISTRIBUTION, ETC. | |
| Place of publication, distribution, etc. | New Delhi |
| Name of publisher, distributor, etc. | APH Publishing Corporation |
| Date of publication, distribution, etc. | 2016 |
| 300 ## - PHYSICAL DESCRIPTION | |
| Extent | 270 |
| Other physical details | HB |
| 365 ## - TRADE PRICE | |
| Price amount | 895 |
| Currency code | Rs |
| 650 ## - SUBJECT ADDED ENTRY--TOPICAL TERM | |
| Topical term or geographic name entry element | Journalism |
| 650 ## - SUBJECT ADDED ENTRY--TOPICAL TERM | |
| Topical term or geographic name entry element | Journalism |
| 906 ## - LOCAL DATA ELEMENT F, LDF (RLIN) | |
| a | communication ; Journalism ; mass |
| Withdrawn status | Lost status | Damaged status | Not for loan | Collection code | Home library | Current library | Date acquired | Source of acquisition | Cost, normal purchase price | Total Checkouts | Full call number | Barcode | Date last seen | Date last checked out | Cost, replacement price | Price effective from | Koha item type |
|---|---|---|---|---|---|---|---|---|---|---|---|---|---|---|---|---|---|
| St Aloysius Library | St Aloysius Library | 03/15/2021 | Sapna Book House Pvt Ltd, K S Rao Road, Mangalore | General Annual | 895.00 | 1 | 070 SINJ | 074838 | 11/19/2024 | 11/16/2024 | 716.00 | 07/19/2021 | Book |